[Event "Panchenko Memorial-A 2020"]
[Site "Chelyabinsk"]
[Date "2020.09.13"]
[Round "7.1"]
[White "Kokarev, Dmitry"]
[Black "Fedoseev, Vladimir"]
[Result "1-0"]
[WhiteElo "2611"]
[BlackElo "2678"]
[Annotator "TA"]
[PlyCount "85"]
[EventDate "2020.09.07"]
[EventType "swiss"]
[EventCountry "RUS"]
[SourceTitle "playchess.com"]
[Source "ChessBase"]
[SourceQuality "1"]

{[%evp 22,85,0,0,0,-7,26,-9,-8,0,16,12,48,24,55,10,58,50,72,58,61,43,61,61,74,62,81,87,70,62,77,81,81,87,124,134,130,116,124,125,118,123,128,121,143,138,164,156,158,157,183,183,279,240,372,379,375,371,425,367,549,540,1141,1133,29998,29998]} 1. e4 e5 2. Nf3 Nc6 3. Bb5 Nf6 4. O-O Nxe4 5. d4 Nd6 6. Bxc6 dxc6 7. dxe5 Nf5 8. Qxd8+ Kxd8 9. h3 Bd7 10. Nc3 h6 11. b3 Kc8 12. Bb2 b6 {C67: Ruy Lopez: Berlin Defence: 4 0-0 Nxe4.} 13. Rad1 Ne7 14. Nd4 {was the old line (14.Rfe1).} c5 {The position is equal.} 15. Nde2 Nc6 16. Nd5 {[#]} c4 $146 ({Predecessor:} 16... a5 17. a4 c4 18. bxc4 Nb4 19. Nec3 Nxc2 20. Nb5 Bxb5 21. cxb5 Bc5 22. Nf4 g5 {1-0 (42) Sutovsky,E (2654)-Georgiev,K (2671) Subotica 2008}) 17. bxc4 Bc5 18. Nc1 Re8 19. Nd3 Bd4 20. Bxd4 Nxd4 21. Rd2 Nc6 22. f4 $36 {[%mdl 2048] Black is under pressure.} h5 23. Kf2 h4 24. Rfd1 Be6 25. Ne3 g6 26. Ne1 {White now steadily converts the win.} Na5 27. Rd4 c5 28. Rd6 Kc7 29. Nf3 Nxc4 30. Nxc4 Bxc4 31. Rd7+ ({Much worse is} 31. Nxh4 $6 Bxa2 32. Rd7+ Kb8 $11) 31... Kc8 32. a3 ({But not} 32. Nxh4 $6 Bxa2 33. f5 gxf5 $14) 32... Be6 33. R7d6 Kb7 34. Nxh4 b5 35. Nf3 b4 36. Ng5 Bf5 (36... Rac8 $142 37. Rb1 a5) 37. R6d2 ({Don't do} 37. Nxf7 Bxc2 38. Rd7+ Kb6 $18) 37... Kb6 (37... Rf8 $142 38. g4 Be6 39. Nxe6 fxe6) 38. Nxf7 $18 Rf8 39. Nd6 Be6 40. Ke3 a5 (40... bxa3 {was necessary.} 41. c4 a5 42. Rb1+ Kc6) 41. Ne4 Kb5 {[#]} 42. a4+ $1 Kc4 (42... Kxa4 43. Nxc5+) 43. Rd3 {Accuracy: White = 88%, Black = 49%.} 1-0

[Event "Panchenko Memorial-A 2020"]
[Site "Chelyabinsk"]
[Date "2020.09.13"]
[Round "7.3"]
[White "Aleksandrov, Aleksej"]
[Black "Khanin, Semen"]
[Result "0-1"]
[WhiteElo "2608"]
[BlackElo "2482"]
[Annotator "TA"]
[PlyCount "48"]
[EventDate "2020.09.07"]
[EventType "swiss"]
[EventCountry "RUS"]
[SourceTitle "playchess.com"]
[Source "ChessBase"]
[SourceQuality "1"]

{[%evp 14,48,20,8,12,20,31,0,0,0,0,0,0,0,6,0,-12,-19,-17,-8,-5,-2,-7,0,-12,-36,-1,-108,-97,-451,-464,-446,-442,-559,-354,-826,-827]} 1. Nf3 Nf6 2. c4 e6 3. Nc3 d5 4. d4 Bb4 5. Bg5 h6 6. Bxf6 Qxf6 7. Qa4+ Nc6 8. e3 O-O {D38: Queen's Gambit Declined: Ragozin Defence (4 Nf3 Bb4).} 9. Be2 dxc4 10. a3 (10. O-O {with more complications.} Bd7 11. Bxc4 Bd6 12. Qd1 e5 13. d5) 10... Bxc3+ {The position is equal.} 11. bxc3 Bd7 12. Qxc4 Rac8 13. O-O Rfd8 {[#]} 14. Nd2 $146 ({Predecessor:} 14. Rab1 Na5 15. Qc5 b6 16. Qe5 Qxe5 17. Nxe5 c5 18. Ba6 Rc7 19. Nxd7 Rdxd7 20. Rfc1 Rd6 21. Bb5 Rd8 22. Ba6 Rd6 {½-½ (22) Vaganian,R (2516)-Gharibyan,M (2381) Yerevan 2020}) 14... Na5 15. Qb4 b6 16. Ba6 Rb8 17. Rfd1 Bc6 18. a4 Ba8 19. Rab1 c5 20. Qa3 (20. dxc5 $11 {keeps the balance.} Nc6 21. Qf4) 20... e5 $40 {[%mdl 128] Black is out for blood.} 21. dxc5 $2 {[%mdl 8192] [#] Loses the game.} (21. Rbc1 $17 {is tougher.}) 21... Rxd2 $1 $19 {[%mdl 512]} 22. Rxd2 {[#] And now Qb4 would win.} Qg6 $1 {[%csl Ga8,LRb1,LRg2][%cal Rg6g2][%mdl 576] Double Attack} 23. Bf1 {Threatens to win with Rbd1.} Qxb1 24. Rd7 $2 {[#]} (24. Qb4 Qe1 25. c4) 24... Bxg2 $1 {[%mdl 576] Pin. Accuracy: White = 43%, Black = 84%.} 0-1

[Event "Panchenko Memorial-A 2020"]
[Site "Chelyabinsk"]
[Date "2020.09.13"]
[Round "7.4"]
[White "Predke, Alexandr"]
[Black "Shaposhnikov, Evgeny"]
[Result "1-0"]
[WhiteElo "2684"]
[BlackElo "2547"]
[Annotator "TA"]
[PlyCount "85"]
[EventDate "2020.09.07"]
[EventType "swiss"]
[EventCountry "RUS"]
[SourceTitle "playchess.com"]
[Source "ChessBase"]
[SourceQuality "1"]

{[%evp 13,85,19,22,27,26,5,27,35,36,24,31,25,39,33,36,30,68,19,18,4,0,7,2,0,48,56,62,56,37,35,32,18,19,10,18,8,27,0,0,0,92,19,151,182,162,158,172,180,221,216,267,255,262,256,267,263,651,649,644,643,781,773,803,792,785,758,707,677,994,935,885,888,928,908]} 1. d4 Nf6 2. c4 e6 3. Nf3 b6 4. g3 Bb4+ 5. Bd2 Bxd2+ 6. Qxd2 Ba6 7. b3 O-O 8. Nc3 {E15: Queen's Indian: 4 g3 sidelines, 4 g3 Ba6 and 4 g3 Bb7 early deviations.} d5 9. cxd5 Nxd5 10. Rc1 {White has an edge.} Nd7 11. Bg2 {[#]} c5 $146 ({Predecessor:} 11... N7f6 12. Ne5 Bb7 13. O-O Rb8 14. Nb5 a6 15. Na7 Ra8 16. Nac6 Qd6 17. Rfd1 Nd7 {1-0 (32) Klaric,Z (2133)-Schaefer,A (1996) Gerlingen 2007}) 12. O-O Nxc3 13. Rxc3 Rc8 14. Rfc1 Qf6 15. R3c2 Rfd8 16. Qf4 Qxf4 17. gxf4 Kf8 18. e3 Nf6 19. dxc5 Rxc5 20. Rxc5 bxc5 21. h3 Nd7 22. Ng5 Ke7 23. Bc6 Nb8 24. Ba4 ({Don't go for} 24. Rxc5 $2 Rc8 $19) 24... Bb7 {Threatens to win with ...h6.} 25. Rxc5 {aiming for Rc7+.} Na6 26. Rb5 Rd1+ (26... Rd7 $5 {[%cal Rh7h6]}) 27. Kh2 Rh1+ $2 {White now steadily converts the win.} (27... Rd7 $1 $11 {and Black is okay.}) 28. Kg3 $18 Rg1+ {[#]} 29. Kh4 $1 Bc8 {[#]} 30. Ra5 $1 $36 {[%mdl 2048] Keeping Black busy.} h6 31. Nf3 Rg2 32. Bb5 Nc7 33. Rxa7 Kd6 34. Ba4 {Hoping for Ne5.} f6 $2 (34... Bd7 35. Ne5 Bxa4) 35. Nd2 {White is clearly winning.} Na6 36. Bb5 Nb8 37. Nc4+ Kc5 38. a4 Kb4 39. Nd6 Ba6 40. Bxa6 Nc6 41. Rc7 Na5 42. Bc4 Nxc4 43. Rb7+ {Accuracy: White = 96%, Black = 69%.} 1-0

[Event "Panchenko Memorial-A 2020"]
[Site "Chelyabinsk"]
[Date "2020.09.13"]
[Round "7.5"]
[White "Demchenko, Anton"]
[Black "Demidov, Mikhail"]
[Result "0-1"]
[WhiteElo "2641"]
[BlackElo "2519"]
[Annotator "TA"]
[PlyCount "100"]
[EventDate "2020.09.07"]
[EventType "swiss"]
[EventCountry "RUS"]
[SourceTitle "playchess.com"]
[Source "ChessBase"]
[SourceQuality "1"]

{[%evp 16,100,21,25,96,84,103,93,102,96,96,103,114,111,118,107,125,118,116,122,120,118,113,90,111,92,130,127,150,112,159,160,158,169,214,205,199,160,197,191,175,193,227,217,222,222,222,221,210,181,239,243,263,272,227,236,241,145,141,0,233,0,139,137,129,85,216,209,177,120,104,8,8,8,8,-411,-411,-491,-466,-881,-867,-1663,-1516,-6092,-5933,-5143,-5118]} 1. e4 e5 2. Nf3 Nc6 3. Bb5 Nf6 4. d3 d6 5. O-O Bd7 6. Re1 a6 7. Bxc6 Bxc6 8. d4 Be7 9. Nc3 O-O {C84: Closed Ruy Lopez: Unusual White 6th moves.} (9... exd4 $11 {keeps the balance.} 10. Nxd4 O-O) 10. dxe5 $16 dxe5 11. Qxd8 (11. Nxe5 $6 Qxd1 12. Rxd1 Bxe4 $11) 11... Rfxd8 {White is better.} 12. Nxe5 Be8 {[#]} 13. Nd3 $146 ({Predecessor:} 13. Be3 Bb4 14. Bg5 h6 15. Bh4 Rd2 16. Rac1 g5 17. Bg3 Rad8 18. Nd3 Bxc3 19. bxc3 {½-½ (30) Teh,D-Ismayilzada,Z Kemer 2009}) 13... b5 14. Bg5 Bc6 15. f3 h6 16. Be3 b4 17. Ne2 Bb5 18. Rad1 c5 19. Nef4 g5 20. Ne2 {[%cal Bf4e2,Be2g3,Bg3f5][%mdl 32]} Bf8 21. Ng3 Rac8 22. Nf5 Bd7 23. g4 Be6 24. h4 Nh7 25. hxg5 hxg5 26. Nc1 a5 27. Rxd8 Rxd8 28. Nb3 Rc8 29. Nxa5 Ra8 30. Nc6 f6 31. Ra1 Kf7 32. Kg2 Ke8 (32... Rxa2 $142 33. Nd8+ Ke8) 33. Rh1 $18 Bg8 34. Rd1 Rxa2 35. Rd8+ Kf7 36. Rd7+ Ke8 {[#]} 37. Rd8+ (37. Rc7 $1 $16) 37... Kf7 38. Rd7+ (38. Kf1 $18) 38... Ke8 $1 $16 {[%cal Re8d7]} 39. Rc7 Rxb2 40. Kh3 Bc4 (40... Rxc2 $16 41. Nxb4 {[%mdl 64] Pin} Kd8) 41. Kg3 {e5 is the strong threat.} ({Don't play} 41. Rxh7 $6 Rxc2 42. Kg3 b3 $16) 41... Rxc2 {[#] Hoping for ...b3.} 42. Rxh7 (42. e5 $1 $18 {aiming for Nd6+.} Bd5 43. Nxb4 cxb4 44. Rxc2 fxe5 45. Bc1) 42... b3 {[%cal Bb4b3,Bb3b2][%mdl 32] White must now prevent ...b2.} 43. e5 (43. Rb7 $16 b2 44. Bxg5) 43... b2 $1 $11 {[%cal Rb2b1]} 44. Rb7 Bd5 45. Rb6 $2 {[%mdl 8192]} (45. exf6 $11 Bxc6 46. f7+ Kd8 47. Bxg5+ Kc8 48. Rxb2 Rxb2 49. Bh6 (49. Be7 Rb3 $11)) 45... Bxc6 $1 $19 46. e6 {[%cal Rb6b8]} Kd8 {Black is clearly winning.} 47. e7+ (47. Rb8+ $142 Kc7 48. Rxb2 Rxb2 49. e7 Bxe7 50. Nxe7) 47... Bxe7 48. Nxe7 Kxe7 49. Bxc5+ Rxc5 50. Rxb2 Rc3 {Accuracy: White = 58%, Black = 69%.} 0-1

[Event "Panchenko Memorial-A 2020"]
[Site "Chelyabinsk"]
[Date "2020.09.13"]
[Round "7.6"]
[White "Chigaev, Maksim"]
[Black "Iljiushenok, Ilia"]
[Result "1-0"]
[WhiteElo "2588"]
[BlackElo "2516"]
[Annotator "TA"]
[PlyCount "59"]
[EventDate "2020.09.07"]
[EventType "swiss"]
[EventCountry "RUS"]
[SourceTitle "playchess.com"]
[Source "ChessBase"]
[SourceQuality "1"]

{[%evp 17,59,8,4,0,2,2,2,0,8,15,119,89,76,33,47,39,34,41,80,66,110,0,0,0,0,0,6,-47,-51,-57,-46,-36,-56,-93,-88,-116,-109,-131,-104,-137,-104,-175,392,389]} 1. e4 e6 2. d4 d5 3. exd5 exd5 4. Nf3 Nc6 5. Bb5 Bd6 6. c4 dxc4 7. d5 a6 8. Ba4 b5 9. dxc6 bxa4 10. O-O {C01: French: Exchange Variation.} Ne7 11. Nbd2 c3 12. Ne4 {The position is equal.} O-O 13. Qxa4 {[#]} Rb8 $146 (13... cxb2 $11 {remains equal.} 14. Bxb2 Rb8 15. Nxd6 Rxb2 16. Nxc8 Qxc8) ({Predecessor:} 13... Qe8 14. Nxd6 cxd6 15. Nd4 Bb7 16. Re1 Bxc6 17. Qa3 Qd7 18. Qxc3 Bb7 19. Qg3 Rac8 {½-½ (54) Meier,G (2644)-Bluebaum,M (2642) Dresden 2017}) 14. bxc3 $16 Rb6 15. Re1 Nxc6 16. Nxd6 cxd6 17. Ba3 Ne7 18. Rad1 Bb7 19. c4 (19. Nd4 $16) 19... Bc6 $1 $11 {[%cal Rc6a4]} 20. Qa5 Bxf3 $1 21. gxf3 {aiming for c5.} Ng6 $1 22. c5 ({White should try} 22. Qd2 $11) 22... Qg5+ $15 23. Kh1 {[#]} Qf6 $1 $36 {[%mdl 2560] Black fights for an advantage.} 24. Re3 $1 (24. cxb6 {leads to mate.} Qxf3+ 25. Kg1 Nf4 26. Qg5 {[#]} Nh3+ $1 {[%mdl 512]} 27. Kf1 Qxf2#) 24... dxc5 25. Qxc5 Rfb8 26. Qc2 h6 27. Rde1 Rb5 28. Qd3 Rf5 29. Rg1 (29. Bd6 $17 Rbb5 30. Bg3) 29... Nh4 $4 {[%mdl 8192]} (29... Rd8 $19 30. Qe2 Rh5) 30. Be7 {Accuracy: White = 61%, Black = 58%.} 1-0

[Event "Panchenko Memorial-A 2020"]
[Site "Chelyabinsk"]
[Date "2020.09.13"]
[Round "7.7"]
[White "Afanasiev, Nikita"]
[Black "Timofeev, Artyom"]
[Result "1/2-1/2"]
[WhiteElo "2507"]
[BlackElo "2580"]
[Annotator "TA"]
[PlyCount "44"]
[EventDate "2020.09.07"]
[EventType "swiss"]
[EventCountry "RUS"]
[SourceTitle "playchess.com"]
[Source "ChessBase"]
[SourceQuality "1"]

{[%evp 15,44,24,40,27,44,35,37,15,7,14,8,12,8,8,17,14,19,-13,0,8,12,0,0,0,0,0,0,0,0,0,0]} 1. d4 d5 2. Nf3 Nf6 3. c4 dxc4 4. e3 e6 5. Bxc4 c5 6. O-O a6 7. dxc5 Bxc5 8. Qxd8+ Kxd8 9. Be2 {D27: Queen's Gambit Accepted: Classical main line: 7 e4!? and 7 a4.} Ke7 10. b3 Bd7 {[#]} 11. Rd1 $146 {White is slightly better.} ({Predecessor:} 11. Bb2 Nc6 12. Nc3 Rhd8 13. Rac1 Rac8 14. Nd5+ Nxd5 15. Rxc5 f6 16. Rfc1 Be8 17. Ba3 {1-0 (63) Fridman,D (2621)-Guliyev,N (2560) Ajaccio 2007}) 11... Bb5 {The position is equal.} 12. Kf1 Bxe2+ 13. Kxe2 Nbd7 14. Bb2 Rac8 15. Nbd2 Rhd8 16. g4 Kf8 17. g5 Nd5 18. h4 Bb4 19. Rac1 Bc3 20. Ba3+ Bb4 $1 {[%cal Rb4a3]} 21. Bb2 Bc3 22. Ba3+ Bb4 $1 {Black did not feel at home in the position after the opening. Accuracy: White = 91%, Black = 100%.} 1/2-1/2

[Event "Panchenko Memorial-A 2020"]
[Site "Chelyabinsk"]
[Date "2020.09.14"]
[Round "8.1"]
[White "Goganov, Aleksey"]
[Black "Kokarev, Dmitry"]
[Result "1/2-1/2"]
[WhiteElo "2565"]
[BlackElo "2611"]
[Annotator "TA"]
[PlyCount "97"]
[EventDate "2020.09.07"]
[EventType "swiss"]
[EventCountry "RUS"]
[SourceTitle "playchess.com"]
[Source "ChessBase"]
[SourceQuality "1"]

{[%evp 12,97,37,33,40,32,29,29,31,21,22,32,32,36,33,12,19,10,27,34,28,16,22,21,33,9,7,7,7,0,12,0,0,0,0,0,0,0,0,0,4,0,0,0,6,0,0,0,0,0,0,0,0,0,0,0,0,0,0,0,0,0,0,0,0,0,-1,-8,0,0,0,0,0,0,0,0,0,0,0,0,0,0,0,0,0,0,0,0]} 1. d4 Nf6 2. c4 g6 3. Nc3 Bg7 4. e4 d6 5. f3 O-O 6. Be3 c5 {6...c5 is setting a new trend.} 7. Nge2 Qa5 {E81: King's Indian: Sämisch: 6th move deviations (including 6 Be3 c6).} 8. Nc1 cxd4 {[%mdl 64] [#] Pin} 9. Nb3 Qh5 {White has an edge.} 10. Nxd4 Nc6 11. Qd2 Nxd4 12. Bxd4 Bh6 13. Qf2 Qa5 14. Be2 e5 15. Be3 Bxe3 16. Qxe3 Be6 {[#]} 17. Kf2 $146 ({Predecessor:} 17. O-O-O Rac8 18. Kb1 Rfd8 19. Nb5 Rc6 20. Qa3 Qxa3 21. Nxa3 h5 22. b3 h4 23. Kb2 {½-½ (72) Kulakiewicz,M (2283)-Anokhin,Y (2421) ICCF email 2018}) 17... Rac8 18. Rhd1 Bxc4 {The position is equal.} 19. Rxd6 {aiming for Bxc4.} Bxe2 20. Nxe2 Nh5 21. Qd2 (21. Rd5 {with more complications.} Qb4 22. Rd2 Rfd8 23. Rad1 Rxd2 24. Rxd2 b6 25. Nc3) 21... Qxd2 22. Rxd2 Rfd8 23. Rad1 Rxd2 24. Rxd2 $11 {[%mdl 4096] Endgame KRN-KRN} Kf8 25. Ke3 Ke7 26. Nc3 Nf6 27. Rd3 a6 28. Kd2 Ke6 29. Nd1 Ne8 30. Rc3 Rd8+ 31. Ke2 Nd6 32. a4 h5 33. Nf2 Rc8 34. Rxc8 Nxc8 {KN-KN} 35. h4 Nd6 36. g4 a5 37. Kd3 b5 38. b3 bxa4 39. bxa4 f6 40. gxh5 gxh5 41. Nd1 f5 42. Nc3 fxe4+ 43. fxe4 Kf7 44. Ne2 Kf6 45. Nc1 {Black must now prevent Nb3.} Ke6 46. Nb3 Nb7 47. Kc4 {[#] And now Nc5+ would win.} Nd6+ $1 48. Kd3 Nb7 49. Kc4 {Accuracy: White = 100%, Black = 100%.} 1/2-1/2

[Event "Panchenko Memorial-A 2020"]
[Site "Chelyabinsk"]
[Date "2020.09.14"]
[Round "8.2"]
[White "Khanin, Semen"]
[Black "Predke, Alexandr"]
[Result "1/2-1/2"]
[WhiteElo "2482"]
[BlackElo "2684"]
[Annotator "TA"]
[PlyCount "88"]
[EventDate "2020.09.07"]
[EventType "swiss"]
[EventCountry "RUS"]
[SourceTitle "playchess.com"]
[Source "ChessBase"]
[SourceQuality "1"]

{[%evp 15,88,14,43,38,60,17,21,23,12,0,0,0,0,0,0,0,2,0,0,-5,-7,-8,-4,-5,-10,-71,-42,-43,-38,-41,-51,-54,15,0,0,0,0,0,26,31,36,0,0,1,32,0,0,5,66,66,87,66,79,8,42,0,21,19,17,22,22,18,20,0,0,0,0,0,0,0,0,0,0,0,0]} 1. e4 c6 2. d4 d5 3. Nd2 dxe4 4. Nxe4 Nf6 5. Nxf6+ exf6 6. c3 Bd6 7. Bd3 O-O 8. Qc2 g6 9. Ne2 {B15: Caro-Kann: 3 Nc3: 3...g6 and 3...dxe4 4 Nxe4 Nf6 5 Nxf6+ exf6.} c5 10. Be3 Qc7 11. dxc5 Bxc5 12. Bxc5 Qxc5 13. O-O Nc6 {[#]} 14. Be4 $146 ({Predecessor:} 14. Rad1 Ne5 15. Nd4 Bg4 16. Be2 Rfe8 17. Bxg4 Nxg4 18. h3 Ne5 19. Rfe1 Nc6 20. Nb3 {½-½ (185) Sevian,S (2660)-Van Foreest,J (2682) chess.com INT 2020}) 14... Re8 15. Rfe1 Kg7 16. Bxc6 bxc6 17. Nd4 Bb7 18. Rad1 Qd5 19. Nb3 Ba6 20. Qc1 {[#]} (20. h3 $11 {remains equal.} Rad8 21. Rxe8 Qxd1+ 22. Qxd1 Rxd1+ 23. Kh2) 20... Rxe1+ $1 $17 21. Rxe1 Rd8 22. Qe3 Bc4 23. Nc5 {aiming for b3.} Qe5 ({Black should try} 23... Bxa2 $15 24. f3 Rd6) 24. b3 Qxe3 25. fxe3 $11 {[%mdl 4096] Endgame KRB-KRN} Rd5 26. Ne4 Ba6 27. c4 Rd8 28. Kf2 Bc8 29. Re2 Bf5 30. Rd2 (30. Nc5 {is more complex.} Bg4 31. Rb2 Kf8 32. e4 Be6 33. Ke3) 30... Rxd2+ $1 31. Nxd2 {KB-KN} Bc2 ({Black should play} 31... c5 $11) 32. b4 $14 f5 33. Nf3 Kf6 {[#]} 34. Nd4 (34. Ke2 $1 $16) 34... Be4 35. a4 Ke5 {The position is equal.} 36. Nf3+ Kd6 37. Ng5 Bc2 $1 38. Nxf7+ Ke7 $1 {[%cal Re7f7]} 39. Ne5 Bxa4 40. Ke2 c5 41. bxc5 Kf6 $1 {[%cal Rf6e5]} 42. Nd3 Bb3 43. Nb2 Bc2 44. Kd2 Be4 {Accuracy: White = 75%, Black = 82%.} 1/2-1/2

[Event "Panchenko Memorial-A 2020"]
[Site "Chelyabinsk"]
[Date "2020.09.14"]
[Round "8.3"]
[White "Demidov, Mikhail"]
[Black "Rakhmanov, Aleksandr"]
[Result "1/2-1/2"]
[WhiteElo "2519"]
[BlackElo "2645"]
[Annotator "TA"]
[PlyCount "87"]
[EventDate "2020.09.07"]
[EventType "swiss"]
[EventCountry "RUS"]
[SourceTitle "playchess.com"]
[Source "ChessBase"]
[SourceQuality "1"]

{[%evp 12,87,10,0,0,4,11,0,9,15,10,6,24,25,27,16,16,14,18,21,73,31,29,25,25,25,25,22,25,25,22,20,21,21,58,58,66,66,72,0,45,0,64,19,19,12,12,12,12,12,12,12,12,8,20,0,0,0,0,0,0,0,0,0,0,0,0,0,0,0,0,0,0,0,0,0,7,0]} 1. c4 e6 2. Nc3 d5 3. d4 Nf6 4. Bg5 c5 5. e3 cxd4 6. exd4 Bb4 7. Nf3 h6 {B14: Caro-Kann: Panov-Botvinnik Attack with 5...e6 and 5...g6.} 8. Bxf6 Qxf6 9. cxd5 {[#] aiming for Qa4+.} Bxc3+ $146 ({Predecessor:} 9... exd5 10. Bb5+ Nc6 11. O-O Bxc3 12. bxc3 O-O 13. Qb3 Qd6 14. Rfe1 Bf5 15. Bxc6 bxc6 {½-½ (31) Xu,Y (2542)-Jakovenko,D (2698) China 2019}) 10. bxc3 {White wants to play Bc4.} exd5 11. Bb5+ Bd7 12. Qe2+ Qe7 {[#] Hoping for ...Bxb5.} 13. Ne5 Nc6 14. Bxc6 Bxc6 15. Rb1 Rd8 (15... O-O-O $11) 16. Nxc6 (16. Kd2 {seems wilder.} Qg5+ 17. Qe3 Qxe3+ 18. fxe3 Ke7 19. Rb3) 16... bxc6 17. Kd2 {next Rhe1 is good for White.} (17. h4 {looks sharper.} Rd7 18. Rb8+ Rd8 19. Rb3 Rd7 20. Kd2) 17... Qxe2+ 18. Kxe2 $11 {[%mdl 4096] Endgame KRR-KRR} Ke7 19. Rb7+ Rd7 20. Rhb1 Rc8 21. Kd3 Kd8 22. c4 Rxb7 23. Rxb7 {KR-KR} Rc7 24. Rb8+ Rc8 25. Rb7 Rc7 26. Rb8+ Rc8 $1 27. Rb3 c5 {The position is equal.} 28. Rb7 (28. Ra3 {keeps more tension.} dxc4+ 29. Kxc4 cxd4+ 30. Kxd4 Rc2 31. Ke3) 28... dxc4+ 29. Kxc4 cxd4+ 30. Kxd4 Rc2 $1 31. Rxf7 Rxa2 32. Ke3 g5 33. Rf6 h5 34. Rf5 Ra3+ 35. Ke4 Ra4+ 36. Kd3 Ra3+ 37. Kd4 Ra4+ 38. Kc3 Rh4 39. Rxg5 {And now h3 would win.} Rxh2 40. Kd3 Ke7 41. Ke3 Kf6 42. f4 h4 43. Ke4 a5 44. Rxa5 {Accuracy: White = 89%, Black = 93%.} 1/2-1/2

[Event "Panchenko Memorial-A 2020"]
[Site "Chelyabinsk"]
[Date "2020.09.14"]
[Round "8.4"]
[White "Fedoseev, Vladimir"]
[Black "Chigaev, Maksim"]
[Result "1/2-1/2"]
[WhiteElo "2678"]
[BlackElo "2588"]
[Annotator "TA"]
[PlyCount "81"]
[EventDate "2020.09.07"]
[EventType "swiss"]
[EventCountry "RUS"]
[SourceTitle "playchess.com"]
[Source "ChessBase"]
[SourceQuality "1"]

{[%evp 11,81,16,26,0,0,-25,15,15,13,0,14,4,12,13,0,0,0,0,0,0,-7,-6,0,-12,15,-35,-27,-16,-29,-43,-38,-191,-207,-204,-205,-212,-87,-79,-64,-64,-64,-64,-64,-66,-66,-82,-66,-81,-56,-56,-56,-67,-55,-55,-55,-55,-55,-64,-55,-66,-55,-56,-56,-56,-56,-56,-56,-56,-56,-56,0,-56]} 1. e4 e5 2. Nf3 Nc6 3. Bb5 a6 4. Ba4 Nf6 5. O-O Be7 6. d3 d6 7. Bxc6+ {C84: Closed Ruy Lopez: Unusual White 6th moves.} bxc6 8. d4 exd4 9. Nxd4 Bd7 10. Qf3 O-O 11. Nc3 {[#]} Re8 $146 ({Predecessor:} 11... c5 12. Nf5 Bxf5 13. Qxf5 Qc8 14. Qf3 Re8 15. Re1 Qb7 16. b3 Nd7 17. Nd5 Bf8 {1-0 (39) Urban,K (2368)-Schellmann,F (2069) Erfurt 2016}) 12. h3 h6 13. e5 dxe5 14. Nxc6 Bxc6 15. Qxc6 Qd6 16. Qc4 Qc5 17. Qa4 e4 18. Bf4 Bd6 $36 {[%mdl 2048] Black has the initiative.} 19. Bxd6 cxd6 20. Rad1 Rab8 21. Qxa6 $2 (21. Rd4 $15) 21... Rxb2 $19 22. Na4 Qa3 23. Qc6 {[#]} Rxa2 (23... Rbb8 $1 $19 {is more deadly. Threatens to win with ...Rec8.} 24. Rb1 Rbc8) 24. Nb6 $17 Qc5 25. Rxd6 Rxc2 26. Qxc5 Rxc5 27. Nd7 Nxd7 28. Rxd7 $15 {[%mdl 4096] Endgame KRR-KRR} Rc2 29. Rfd1 e3 30. fxe3 Rxe3 {...Ree2 is the strong threat.} 31. R7d2 Re2 (31... Rcc3 {with more complications.} 32. Kh2 f6 33. Rd5 Kh7 34. R1d4 Re2) 32. Rxc2 Rxc2 {KR-KR} 33. Rd8+ Kh7 34. Rd5 g6 35. Rd6 h5 36. h4 Rc4 37. g3 Rc2 38. Rb6 Kg7 39. Rd6 Kf8 40. Rd7 Kg7 41. Rd6 $1 {Accuracy: White = 80%, Black = 83%.} 1/2-1/2

[Event "Panchenko Memorial-A 2020"]
[Site "Chelyabinsk"]
[Date "2020.09.14"]
[Round "8.5"]
[White "Pridorozhni, Aleksei"]
[Black "Afanasiev, Nikita"]
[Result "1-0"]
[WhiteElo "2597"]
[BlackElo "2507"]
[Annotator "TA"]
[PlyCount "75"]
[EventDate "2020.09.07"]
[EventType "swiss"]
[EventCountry "RUS"]
[SourceTitle "playchess.com"]
[Source "ChessBase"]
[SourceQuality "1"]

{[%evp 26,74,7,16,32,21,16,6,8,17,13,14,12,5,22,0,0,0,20,12,11,10,10,14,22,25,14,17,54,56,236,247,235,208,171,170,386,389,394,383,385,378,29993,1103,29994,1029,29991,29992,29998,29999,29999]} 1. e4 e5 2. Nf3 Nc6 3. Bb5 a6 4. Ba4 Nf6 5. O-O Be7 6. Re1 b5 7. Bb3 d6 8. c3 O-O 9. d4 Bg4 10. d5 Na5 11. Bc2 c6 12. dxc6 Nxc6 13. h3 Bh5 14. Nbd2 d5 {C91: Closed Ruy Lopez: 7...d6 8 c3 0-0 9 d4.} 15. exd5 Qxd5 16. Qe2 Rfe8 {The position is equal.} 17. Ne4 Bg6 18. Rd1 Qc4 19. Bd3 {[#]} Qe6 $146 ({Predecessor:} 19... Qa4 20. b3 Qa5 21. Nxf6+ Bxf6 22. Bxg6 hxg6 23. Qe1 Rad8 24. Bb2 Qb6 25. Rd6 Rxd6 {0-1 (25) Rodriguez Ibran,J (2255)-Canamas Soler,J (2087) ICCF email 2008}) 20. Nfg5 Qc8 21. Be3 (21. Bc2 {looks sharper.} Na5 22. Nxf6+ gxf6 23. Ne4 f5 24. Nd6) 21... Nxe4 22. Bxe4 Bxg5 23. Bxg5 Bxe4 24. Qxe4 Qe6 25. a4 f5 26. Qd5 b4 27. Qc5 $36 {[%mdl 2048] Threatens to win with Rd6. White has good play.} Rec8 $2 {This costs Black the game.} (27... bxc3 $14 28. bxc3 Nd8) 28. Rd6 $18 ({Not} 28. cxb4 Nd4 $14) 28... Qe8 29. Rad1 bxc3 30. bxc3 h6 $2 {[#]} (30... Kh8) 31. Bxh6 $1 {[%mdl 512]} gxh6 32. Rxh6 Nd8 {[#]} 33. Qb6 $1 {[%cal Rb6f6] White threatens Qf6 and mate.} Nf7 $2 (33... Rc6 $18 34. Rxd8 Rxb6 35. Rxe8+ Rxe8 36. Rxb6 Rc8 37. Rxa6 Kf7) 34. Qg6+ {[%mdl 64] Double Attack} Kf8 {[#]} 35. Qxf5 (35. Qf6 $142 $1 {[%mdl 512]} Kg8 36. Rg6+ Kf8 37. Rd6 Qd8 38. Qg7+ Ke8 39. Rge6+ Qe7 40. Qg8#) 35... Qxa4 36. Rdd6 {White mates.} ({Inferior is} 36. Rd7 Qxd7 37. Qxd7 Nxh6 $11) 36... Qf4 37. Rh8+ $1 Kg7 38. Qh7# {Accuracy: White = 90%, Black = 59%.} 1-0